000 01907nmm a2200301 a 4500
003 CO-CtgCURN
005 20250721154420.0
008 220709s2022 xx f 000 0 und d
040 _aCO-CtgCURN
_bspa
_ccoctgcurn
082 _aENF 2022
_bA659c
100 _aAragón Rúa, Lusaida
_eautora
_95922
245 0 _aConocimientos, actitudes y prácticas en mujeres del Barrio la Magdalena sobre el autoexamen de mama en la ciudad de Barranquilla 2021
_h[electronic resource] /
_cLusaida Aragón Rúa; Juri Esther Mercado Villarreal; Seny Montoya Anizar, Andrea Carolina Púa Álvarez; tutor., Jorge Andrés Martínez Merlo
260 _aBarranquilla, Atlántico :
_bCorporación Universitaria Rafael Núñez,
_c2022
300 _a1 recurso en línea (74 páginas (PDF)) :
_btablas, gráficas,
502 _aTrabajo de Grado (Enfermera). Corporación Universitaria Rafael Núñez. Facultad de Ciencias de la Salud. Programa de Enfermería, 2022
504 _aIncluye referencias bibliográficas
520 _aEl presente trabajo de investigación, se concentra en un análisis situacional sobre el conocimiento, actitudes y prácticas de auto detección temprana del cáncer de mama en una población priorizada en la ciudad de Barranquilla.
521 _aAREA PROFESIONAL
590 _aPrograma de Enfermería_27
650 _aEnfermería
_vTesis y disertaciones académicas
_95923
700 _aMartínez Merlo, Jorge Andrés
_etutor
_95924
700 _aMercado Villarreal, Juri Esther
_eautora
_95925
700 _aMontoya Anizar, Seny
_eautora
_95926
700 _aPúa Álvarez, Andrea Carolina
_eautora
_95927
856 _uhttps://unicurn.sharepoint.com/:b:/s/biblioteca/EWCz-ZdxFfdIheMgNvO3M_0BRoG4EIalmfmMqxsXN9IWGw?e=2N0jFV
_yConsulte aquí el texto completo
942 _cTG
_hENF 2022
_iA659c
_2ddc
_n0
999 _c614
_d614